LIBRARY ONLINE CATALOGUE

Crime and criminology : (Record no. 12078)

MARC details
000 -LEADER
fixed length control field 00741cam a22002412 4500
001 - CONTROL NUMBER
control field 0000018923
005 - DATE AND TIME OF LATEST TRANSACTION
control field 20151217155223.0
008 - FIXED-LENGTH DATA ELEMENTS--GENERAL INFORMATION
fixed length control field 100816s xx 000 0 eng d
020 ## - INTERNATIONAL STANDARD BOOK NUMBER
International Standard Book Number 0195517326 :
040 ## - CATALOGING SOURCE
Original cataloging agency KABU
Transcribing agency KABU
100 1# - MAIN ENTRY--PERSONAL NAME
Personal name White, Rob.
-- 0000160053
245 10 - TITLE STATEMENT
Title Crime and criminology :
Remainder of title an introduction /
Statement of responsibility, etc. Rob White, Fiona Haines.
250 ## - EDITION STATEMENT
Edition statement 3rd ed.
260 ## - PUBLICATION, DISTRIBUTION, ETC. (IMPRINT)
Place of publication, distribution, etc. Oxford :
Name of publisher, distributor, etc. O. U. P.,
Date of publication, distribution, etc. 2004.
300 ## - PHYSICAL DESCRIPTION
Extent viii, 247 p.
650 #0 - SUBJECT ADDED ENTRY--TOPICAL TERM
Topical term or geographic name as entry element Crime.
-- 0000153131
650 #0 - SUBJECT ADDED ENTRY--TOPICAL TERM
Topical term or geographic name as entry element Criminology.
-- 0000153132
700 1# - ADDED ENTRY--PERSONAL NAME
Personal name Haines, Fiona.
-- 0000160054
852 1# - LOCATION
-- p2520 KES
852 1# - LOCATION
-- p2520 KES
908 ## - PUT COMMAND PARAMETER (RLIN)
Put command parameter 100816
950 ## - LOCAL HOLDINGS (RLIN)
-- 1
Holdings
Withdrawn status Lost status Source of classification or shelving scheme Not for loan Home library Current library Date acquired Total Checkouts Total Renewals Full call number Barcode Date last seen Date last checked out Price effective from Koha item type
    Library of Congress Classification   Kabarak, Main Campus Kabarak, Main Campus 17/12/2015 5 1 HV6018 .W45 2004 c. 2 24068 10/11/2022 10/11/2022 17/12/2015 General Collection
    Library of Congress Classification   Kabarak, Main Campus Kabarak, Main Campus 17/12/2015 5 1 HV6018 .W45 2004 c. 1 24067 25/10/2022 07/10/2022 17/12/2015 General Collection